|
|
|
|
| LEADER |
00000nam0a2200000 4500 |
| 001 |
51573 |
| 005 |
20231031040130.0 |
| 010 |
|
|
|a 5283025004
|
| 035 |
|
|
|a (RuTPU)RU\TPU\book\53996
|
| 090 |
|
|
|a 51573
|
| 100 |
|
|
|a 20030505d1990 km y0rusy50 ca
|
| 101 |
1 |
|
|a rus
|c eng
|
| 102 |
|
|
|a RU
|
| 105 |
|
|
|a a z 000zy
|
| 200 |
1 |
|
|a 44 источника электропитания для любительских электронных устройств
|e пер. с англ.
|f Р. Трейстер, Дж. Мейо
|
| 210 |
|
|
|a Москва
|c Энергоатомиздат
|d 1990
|
| 215 |
|
|
|a 288 с.
|c ил.
|
| 610 |
1 |
|
|a электроэнергетика
|
| 610 |
1 |
|
|a электропитание
|
| 610 |
1 |
|
|a источники
|
| 610 |
1 |
|
|a электронные устройства
|
| 610 |
1 |
|
|a любительские конструкции
|
| 610 |
1 |
|
|a выпрямители
|
| 610 |
1 |
|
|a компоненты
|
| 610 |
1 |
|
|a стабилизаторы напряжения
|
| 675 |
|
|
|a 621.311.6
|v 3
|
| 700 |
|
1 |
|a Трейстер
|b Р.
|g Роберт
|
| 701 |
|
1 |
|a Мейо
|b Дж.
|g Джонатан
|
| 801 |
|
1 |
|a RU
|b 63413507
|c 20030505
|g PSBO
|
| 801 |
|
2 |
|a RU
|b 63413507
|c 20190712
|g PSBO
|
| 942 |
|
|
|c BK
|